El orden y el tiempo

Tallennettuna:
Bibliografiset tiedot
Päätekijä: Sacristán Luzón, Manuel (Tekijä)
Aineistotyyppi: Kirja
Kieli:espanja
Julkaistu: Madrid Trotta 1998
Sarja:Mínima Trotta
Aiheet:
Tagit: Lisää tagi
Ei tageja, Lisää ensimmäinen tagi!

MARC

LEADER 00000nam a2200000 a 4500
001 UCN3368
003 CL-VaPUC
008 010622e19980000SP |||||||||||||||||spa|d
020 |a 8481642282 
082 0 4 |a 320.092  |b SAC  |2 21 
100 0 |a Sacristán Luzón, Manuel  |e author  |9 459908 
245 1 3 |a El orden y el tiempo 
300 |a 178 p 
942 |c BK 
945 |d 20010622 00:00:00  |a vberengu 
260 |a Madrid  |b Trotta  |c 1998 
600 0 |a Gramsci, Antonio   |d 1891 - 1937  |9 459909 
650 0 |a Vida y obra  |9 311871 
650 0 |a Políticos   |9 256302 
650 0 |a Biografías  |9 255210 
583 |a last modification  |c 20010622 00:00:00  |k Rodrigo Vera 
490 0 |a Mínima Trotta 
999 |c 296281  |d 296279 
952 |0 0  |1 2  |4 0  |6 320_092000000000000_SAC_1998  |7 0  |8 A  |9 349947  |a BIBTEO  |b BIBTEO  |d 2019-11-20  |i 3716988  |o 320.092 SAC 1998  |p 3716988  |r 2019-11-20  |w 2019-11-20  |y BK  |k ICR